[Event "MINI_ELO 2019 (1)"]
[Site "Suwalki"]
[Date "2019.03.23"]
[Round "1.1"]
[White "Walendykiewicz, Martyna"]
[Black "Czarniecki, Pawel"]
[Result "0-1"]
[WhiteElo "1175"]
[BlackElo "1495"]
[PlyCount "114"]
[EventDate "2019.??.??"]

1. e4 c5 2. Nf3 e6 3. d4 cxd4 4. Nxd4 a6 5. Nc3 Bb4 6. Bd2 Qc7 7. a3 Be7 8. Bd3
Nf6 9. Qe2 d6 10. h3 b5 11. O-O Bb7 12. Kh1 Nbd7 13. Rad1 O-O 14. f3 Rfe8 15.
Qf2 Nb6 16. Be3 d5 17. exd5 Nbxd5 18. Nxd5 Nxd5 19. Nb3 Rac8 20. Rc1 Red8 21.
Rfd1 h6 22. Be4 Nxe3 23. Qxe3 Bg5 24. Qe2 Bxc1 25. Rxc1 Bd5 26. Bxd5 Rxd5 27.
Qe4 Rcd8 28. Qe2 Qc4 29. Qf1 Qxf1+ 30. Rxf1 Rd1 31. Rxd1 Rxd1+ 32. Kh2 Rb1 33.
Nc5 Rxb2 34. Nxa6 Rxc2 35. Kg1 Rc6 36. Nb4 Rc3 37. Kf2 Rxa3 38. Ke2 Kf8 39. Kd2
Ra4 40. Kc3 Ke7 41. Kb3 Kd6 42. Nd3 Rd4 43. Kc3 Rxd3+ 44. Kxd3 Kd5 45. g3 g6
46. Kc3 Kc5 47. h4 h5 48. Kb3 b4 49. Kb2 Kc4 50. Kc2 b3+ 51. Kb2 Kb4 52. Kb1
Kc3 53. Kc1 e5 54. Kb1 b2 55. f4 exf4 56. gxf4 f5 57. Ka2 Kc2 0-1

[Event "MINI_ELO 2019 (1)"]
[Site "Suwalki"]
[Date "2019.03.23"]
[Round "1.2"]
[White "Pieczulis, Blazej"]
[Black "Gorka, Robert"]
[Result "1-0"]
[WhiteElo "1488"]
[BlackElo "1166"]
[PlyCount "81"]
[EventDate "2019.??.??"]

1. d4 Nf6 2. Nf3 g6 3. c4 Bg7 4. Nc3 O-O 5. e4 d6 6. Be2 Nbd7 7. O-O c6 8. Bg5
Qa5 9. a3 e5 10. b4 Qc7 11. d5 Nh5 12. dxc6 bxc6 13. Be7 Re8 14. Bxd6 Qb7 15.
Qc2 Nf4 16. Rab1 Qa6 17. b5 Nxe2+ 18. Qxe2 Qa5 19. Bb4 Qc7 20. Rfc1 a5 21. bxa6
Bxa6 22. Nd1 c5 23. Bc3 Nb6 24. Ba5 Reb8 25. Ne3 Qc6 26. Bxb6 Rxb6 27. Nd5 Rxb1
28. Rxb1 Bxc4 29. Qxc4 Bf8 30. Nxe5 Qe6 31. Nc7 Qxc4 32. Nxc4 Ra7 33. Nd5 Ra4
34. Ndb6 Ra6 35. a4 Bg7 36. a5 Bc3 37. Nd5 Bd4 38. Rb6 Ra7 39. a6 f5 40. exf5
Rf7 41. Rb8+ 1-0

[Event "MINI_ELO 2019 (1)"]
[Site "Suwalki"]
[Date "2019.03.23"]
[Round "1.3"]
[White "Butkiewicz, Jan"]
[Black "Sapinski, Sebastian"]
[Result "1/2-1/2"]
[WhiteElo "1165"]
[BlackElo "1452"]
[PlyCount "109"]
[EventDate "2019.??.??"]

1. d4 e6 2. c4 Nf6 3. Nc3 d5 4. Bg5 Be7 5. Nf3 O-O 6. e3 h6 7. Bxf6 Bxf6 8.
cxd5 exd5 9. Be2 c6 10. O-O Bf5 11. Re1 Re8 12. Bd3 Bxd3 13. Qxd3 Nd7 14. Rad1
Nb6 15. b3 g6 16. e4 dxe4 17. Nxe4 Bg7 18. Rd2 Nd5 19. Rde2 Kh8 20. Neg5 Qd7
21. Rxe8+ Rxe8 22. Rxe8+ Qxe8 23. Ne4 Nb4 24. Qb1 Nxa2 25. Nd6 Qe7 26. Nxf7+
Qxf7 27. Qxa2 a6 28. h3 Qd5 29. Qb1 Kh7 30. h4 Bf6 31. Qc2 b6 32. Qb1 c5 33.
dxc5 Qxc5 34. g4 Kg7 35. Qe4 Qe7 36. Qc6 Qc5 37. Qb7+ Be7 38. Qxa6 Qd5 39. Qa7
Kf7 40. Kg2 Qxb3 41. Ne5+ Ke6 42. Nxg6 Qd5+ 43. Kg1 Qd1+ 44. Kg2 Qxg4+ 45. Kf1
Qxg6 46. Qxb6+ Kf7 47. Qxg6+ Kxg6 48. Kg2 Kh5 49. Kh1 Kxh4 50. Kh2 Kg4 51. Kh1
Kh3 52. Kg1 Bd6 53. Kh1 Bc5 54. f4 Kg4 55. f5 1/2-1/2

[Event "MINI_ELO 2019 (1)"]
[Site "Suwalki"]
[Date "2019.03.23"]
[Round "1.4"]
[White "Kotarski, Grzegorz"]
[Black "Wasilewski, Stanislaw"]
[Result "0-1"]
[WhiteElo "1414"]
[BlackElo "1147"]
[PlyCount "82"]
[EventDate "2019.??.??"]

1. d4 Nf6 2. c4 e6 3. Nc3 Bb4 4. Bg5 O-O 5. e3 c5 6. Bxf6 Qxf6 7. a3 cxd4 8.
exd4 Bxc3+ 9. bxc3 b6 10. Bd3 Bb7 11. f3 d5 12. Ne2 Nc6 13. O-O Rac8 14. cxd5
exd5 15. Ng3 Ne7 16. Qd2 Rfe8 17. Nh5 Qh4 18. Ng3 h6 19. Rae1 Qf6 20. Bb1 Ba6
21. Rf2 Qc6 22. Rc1 Ng6 23. Qc2 Re6 24. Qd2 Rce8 25. Bf5 R6e7 26. Bd3 Bxd3 27.
Qxd3 Qa4 28. c4 Rc7 29. c5 Qa5 30. Rfc2 Rec8 31. Qe3 Re7 32. Qb3 Nf4 33. Nf5
Re1+ 34. Kf2 Rxc1 35. Ne7+ Kf8 36. Rxc1 Kxe7 37. Qe3+ Ne6 38. c6 Qb5 39. c7
Qb2+ 40. Kg3 Qxd4 41. Qe2 Qf4+ 0-1

[Event "MINI_ELO 2019 (1)"]
[Site "Suwalki"]
[Date "2019.03.23"]
[Round "1.5"]
[White "Palejko, Gabriela"]
[Black "Sawicki, Wojciech"]
[Result "0-1"]
[WhiteElo "1113"]
[BlackElo "1341"]
[PlyCount "100"]
[EventDate "2019.??.??"]

1. e4 e6 2. d4 d5 3. Nc3 Bb4 4. exd5 exd5 5. Bd3 Be6 6. Nge2 Nc6 7. O-O Nge7 8.
Bg5 f6 9. Be3 Qd7 10. a3 Bd6 11. Nb5 O-O-O 12. Nxd6+ Qxd6 13. b4 g5 14. Qd2 h5
15. b5 Nb8 16. a4 h4 17. Qa5 Qb6 18. Qc3 h3 19. g3 Bf5 20. a5 Qe6 21. Rfe1 Be4
22. Rf1 Bg2 23. Rfb1 Be4 24. Rf1 Nf5 25. Bd2 Rde8 26. Rfe1 Qd7 27. Bxe4 dxe4
28. Qc5 b6 29. axb6 axb6 30. Qc4 Nd6 31. Qb4 Qxb5 32. Qc3 Qd5 33. Ra4 e3 34.
Nf4 gxf4 35. Kf1 Qg2+ 36. Ke2 exf2+ 37. Kd1 fxe1=Q+ 38. Bxe1 Qe2+ 39. Kc1 Qxe1+
40. Qxe1 Rxe1+ 41. Kd2 Rh1 42. Ke2 Rxh2+ 43. Kf3 fxg3 44. Kxg3 Rxc2 45. Ra1 Rd2
46. Rh1 Rd3+ 47. Kf2 h2 48. Kg2 Rd2+ 49. Kg3 Kd7 50. d5 Na6 0-1

[Event "MINI_ELO 2019 (1)"]
[Site "Suwalki"]
[Date "2019.03.23"]
[Round "1.6"]
[White "Kopaczewski, Zbigniew"]
[Black "Bartnik, Michal"]
[Result "1-0"]
[WhiteElo "1335"]
[BlackElo "1074"]
[PlyCount "103"]
[EventDate "2019.??.??"]

1. e3 e5 2. g3 Nc6 3. c3 Nf6 4. Bg2 d6 5. b4 a6 6. a4 Rb8 7. b5 axb5 8. axb5
Ne7 9. c4 Ng6 10. Nc3 Be7 11. Ra7 O-O 12. Qc2 b6 13. h4 h6 14. Nge2 Be6 15. d3
Qc8 16. Ne4 Qd8 17. O-O Re8 18. Ba3 Nf8 19. d4 exd4 20. Nxd4 Bd7 21. Nc3 Ne6
22. Nde2 Qc8 23. e4 Rf8 24. e5 Ne8 25. Nd5 Qd8 26. Rd1 Bc8 27. Nb4 Bd7 28. Na6
Rc8 29. Bb7 Rb8 30. Bd5 Rc8 31. Nd4 Nxd4 32. Rxd4 dxe5 33. Bxe7 Qxe7 34. Rd2
Be6 35. Bc6 Kh8 36. Qc3 f6 37. Bxe8 Rfxe8 38. c5 bxc5 39. Nxc5 Rcd8 40. Nxe6
Qxe6 41. Qxc7 Qg8 42. Rxd8 Rxd8 43. b6 Rc8 44. Qd6 Rd8 45. Rd7 Rb8 46. b7 Qe8
47. Qc7 Qg8 48. Rxg7 Rf8 49. Rxg8+ Rxg8 50. b8=Q Rxb8 51. Qxb8+ Kh7 52. Kg2 1-0

[Event "MINI_ELO 2019 (1)"]
[Site "Suwalki"]
[Date "2019.03.23"]
[Round "1.7"]
[White "Makarec, Anna"]
[Black "Pieczulis, Hubert"]
[Result "0-1"]
[WhiteElo "1071"]
[BlackElo "1246"]
[PlyCount "70"]
[EventDate "2019.??.??"]

1. e4 e6 2. d4 d5 3. exd5 exd5 4. Bd3 Bd6 5. Nf3 Ne7 6. Be3 Nbc6 7. c3 Bg4 8.
h3 Bf5 9. Qe2 Bxd3 10. Qxd3 Qd7 11. Nbd2 Nf5 12. O-O-O O-O-O 13. Nb3 Nxe3 14.
Qxe3 Qf5 15. Rhe1 Bf4 16. Qxf4 Qxf4+ 17. Kc2 Rhe8 18. Nc5 b6 19. Nd3 Qf5 20. a4
Rxe1 21. Rxe1 f6 22. b4 Kd7 23. Kd2 Re8 24. b5 Na5 25. Rxe8 Kxe8 26. Nb4 Nc4+
27. Kd1 Qb1+ 28. Ke2 Qb2+ 29. Ke1 Qxc3+ 30. Ke2 Qxb4 31. g4 Qxa4 32. h4 Qxb5
33. g5 Ne5+ 34. Ke3 Qd3+ 35. Kf4 Qxf3# 0-1

[Event "MINI_ELO 2019 (1)"]
[Site "Suwalki"]
[Date "2019.03.23"]
[Round "1.8"]
[White "Palejko, Maria"]
[Black "Sawicki, Dorian"]
[Result "1-0"]
[WhiteElo "1238"]
[BlackElo "1062"]
[PlyCount "85"]
[EventDate "2019.??.??"]

1. e4 c5 2. Nf3 Nc6 3. d4 cxd4 4. Nxd4 d6 5. Nc3 Nf6 6. Be2 g6 7. Be3 Bg7 8.
O-O O-O 9. Qd2 Bd7 10. Rad1 Nxd4 11. Bxd4 Bc6 12. f4 Re8 13. Bf3 e5 14. fxe5
dxe5 15. Bf2 Qxd2 16. Rxd2 Bh6 17. Rdd1 Rac8 18. Bxa7 b6 19. Bxb6 Rb8 20. Bf2
Rxb2 21. Rd6 Re6 22. Rxe6 fxe6 23. Bg3 Nd7 24. Bd1 Nc5 25. Bxe5 Nxe4 26. Nxe4
Rb5 27. Nf6+ Kf7 28. Ng4+ Ke7 29. Bf6+ Kd7 30. Nxh6 Ra5 31. Bf3 Bxf3 32. Rxf3
Rxa2 33. Rd3+ Kc6 34. Ng4 Rxc2 35. Rc3+ Rxc3 36. Bxc3 Kd5 37. Nf6+ Kc4 38. Be1
h5 39. Kf2 e5 40. Ke3 h4 41. Bxh4 Kc5 42. Ke4 Kd6 43. Bg3 1-0

[Event "MINI_ELO 2019 (1)"]
[Site "Suwalki"]
[Date "2019.03.23"]
[Round "1.9"]
[White "Racis, Michal"]
[Black "Wiszniewski, Stanislaw"]
[Result "1/2-1/2"]
[WhiteElo "1023"]
[BlackElo "1233"]
[PlyCount "51"]
[EventDate "2019.??.??"]

1. d4 d5 2. Nf3 Nc6 3. Bf4 Bf5 4. a3 e6 5. e3 a6 6. Bd3 Bxd3 7. Qxd3 Bd6 8. Bg3
Nf6 9. Nbd2 O-O 10. Bh4 Be7 11. O-O h6 12. Rac1 b5 13. Rfe1 Rb8 14. e4 Rb6 15.
e5 Nd7 16. Bxe7 Qxe7 17. Re3 Kh8 18. Ne1 Nd8 19. Rh3 c5 20. c3 Rc6 21. Rc2 f6
22. exf6 Nxf6 23. dxc5 Qxc5 24. Qg6 Nd7 25. Rxh6+ gxh6 26. Qxh6+ 1/2-1/2

[Event "MINI_ELO 2019 (1)"]
[Site "Suwalki"]
[Date "2019.03.23"]
[Round "2.1"]
[White "Czarniecki, Pawel"]
[Black "Palejko, Maria"]
[Result "1/2-1/2"]
[WhiteElo "1495"]
[BlackElo "1238"]
[PlyCount "176"]
[EventDate "2019.??.??"]

1. d4 d5 2. e3 Bf5 3. Bd3 Bg6 4. Nf3 Nf6 5. O-O e6 6. Qe2 Bd6 7. Nbd2 Nbd7 8.
e4 dxe4 9. Nxe4 Nxe4 10. Bxe4 Bxe4 11. Qxe4 c6 12. Bg5 Be7 13. Bf4 Bf6 14. Bd6
Nb6 15. Bc5 Nd7 16. Ba3 Be7 17. Bxe7 Qxe7 18. Rfe1 O-O 19. c4 Rad8 20. b3 Rfe8
21. Rad1 Nf6 22. Qe2 b6 23. Ne5 Qc7 24. Qf3 c5 25. Qc6 Qxc6 26. Nxc6 Rd7 27.
dxc5 Rc7 28. Nd4 Rxc5 29. Nb5 a6 30. Nd6 Rf8 31. Ne4 Nxe4 32. Rxe4 Rfc8 33.
Red4 h6 34. Rd8+ Rxd8 35. Rxd8+ Kh7 36. Rd6 b5 37. Rxa6 bxc4 38. bxc4 Rxc4 39.
g3 e5 40. Kg2 e4 41. Kf1 Rc2 42. a4 f6 43. Re6 Rc4 44. a5 Ra4 45. Ra6 Kg6 46.
Ke2 Ra3 47. Ra8 h5 48. a6 Kg5 49. a7 g6 50. h3 f5 51. Kd2 h4 52. gxh4+ Kf4 53.
Rg8 Rxa7 54. Rxg6 Rh7 55. Rg3 Rxh4 56. Ke2 Rh7 57. Kf1 Re7 58. Kg2 Rh7 59. Ra3
Rg7+ 60. Rg3 Rg5 61. Rxg5 Kxg5 62. f3 e3 63. Kf1 Kh4 64. f4 Kg3 65. h4 e2+ 66.
Kxe2 Kxf4 67. h5 Kg5 68. h6 Kxh6 69. Kf3 Kg5 70. Kg3 f4+ 71. Kf3 Kf5 72. Kf2
Ke4 73. Ke2 f3+ 74. Kf2 Kf4 75. Kf1 Ke4 76. Kf2 Kf4 77. Kf1 Kg3 78. Kg1 Kh3 79.
Kf2 Kg4 80. Kf1 Kf4 81. Kf2 Ke4 82. Kf1 Kd3 83. Kf2 Ke4 84. Kf1 Kd3 85. Kf2 Ke4
86. Kf1 Ke3 87. Ke1 f2+ 88. Kf1 Kf3 1/2-1/2

[Event "MINI_ELO 2019 (1)"]
[Site "Suwalki"]
[Date "2019.03.23"]
[Round "2.2"]
[White "Pieczulis, Hubert"]
[Black "Pieczulis, Blazej"]
[Result "0-1"]
[WhiteElo "1246"]
[BlackElo "1488"]
[PlyCount "52"]
[EventDate "2019.??.??"]

1. Nf3 Nf6 2. d4 c5 3. e3 e6 4. c3 b6 5. Bd3 Bb7 6. Nbd2 d5 7. Qe2 Ne4 8. Ne5
Bd6 9. f4 Qh4+ 10. g3 Nxg3 11. hxg3 Qxh1+ 12. Nf1 Bxe5 13. dxe5 Nc6 14. Bb5
O-O-O 15. a4 d4 16. Bxc6 Qxc6 17. a5 d3 18. Qd2 b5 19. b3 h5 20. c4 b4 21. Qa2
Ba6 22. Nd2 h4 23. gxh4 Rxh4 24. e4 Rdh8 25. Nf3 Qxe4+ 26. Kd2 Qe2# 0-1

[Event "MINI_ELO 2019 (1)"]
[Site "Suwalki"]
[Date "2019.03.23"]
[Round "2.3"]
[White "Sawicki, Wojciech"]
[Black "Janczylik, Tomasz"]
[Result "1-0"]
[WhiteElo "1341"]
[BlackElo "1217"]
[PlyCount "93"]
[EventDate "2019.??.??"]

1. d4 e6 2. c4 d5 3. g3 Nf6 4. Bg2 c6 5. cxd5 exd5 6. Nc3 Bd6 7. Nf3 O-O 8. O-O
h6 9. Re1 Bg4 10. Qc2 Nbd7 11. b3 Re8 12. Bb2 Nf8 13. Nh4 Qd7 14. Rac1 N8h7 15.
Nf3 Bh3 16. Bh1 Re7 17. a3 Rae8 18. Rcd1 Qg4 19. e3 Ng5 20. Nxg5 Qxg5 21. Bg2
Qg4 22. Qe2 Qe6 23. Qd2 h5 24. f3 g6 25. e4 dxe4 26. fxe4 Bc7 27. b4 Bb6 28. e5
Nd5 29. Ne4 Bg4 30. Rc1 Kg7 31. Rf1 Rd8 32. a4 Red7 33. a5 Bc7 34. Nc5 Qe7 35.
Nxd7 Rxd7 36. h3 Be6 37. Bc3 a6 38. Bxd5 Rxd5 39. Qg2 Qd7 40. Kh2 Qe7 41. Qf3
Kh7 42. Qf6 Qf8 43. Qxe6 f5 44. exf6 Rg5 45. Qe7+ Qxe7 46. fxe7 Bxg3+ 47. Kh1
1-0

[Event "MINI_ELO 2019 (1)"]
[Site "Suwalki"]
[Date "2019.03.23"]
[Round "2.5"]
[White "Wasilewski, Stanislaw"]
[Black "Butkiewicz, Jan"]
[Result "0-1"]
[WhiteElo "1147"]
[BlackElo "1165"]
[PlyCount "82"]
[EventDate "2019.??.??"]

1. c4 b6 2. d4 Bb7 3. Nc3 e6 4. e3 Nf6 5. Be2 Bb4 6. Bd2 Bxg2 7. Bf3 Bxh1 8.
Bxh1 c6 9. a3 Bxc3 10. Bxc3 d5 11. Qa4 Qd7 12. O-O-O b5 13. cxb5 cxb5 14. Qc2
Qc6 15. Kb1 Nbd7 16. Rc1 Rc8 17. Qe2 Qc4 18. Bb4 Qxc1+ 19. Ka2 Qc4+ 20. Qxc4
bxc4 21. Ne2 a5 22. Bxa5 O-O 23. Bb4 Rfd8 24. Be7 Re8 25. Bb4 Nb6 26. Nc3 Ng4
27. Nb5 Nxf2 28. Bf3 Nd3 29. Ba5 Rb8 30. Bd1 Nd7 31. Nd6 Rxb2+ 32. Ka1 Reb8 33.
Bc3 Rb1+ 34. Ka2 Rxd1 35. Bb4 Nxb4+ 36. axb4 Rxb4 37. e4 c3 38. exd5 c2 39.
dxe6 c1=Q 40. exf7+ Kf8 41. Nc4 Qa1# 0-1

[Event "MINI_ELO 2019 (1)"]
[Site "Suwalki"]
[Date "2019.03.23"]
[Round "2.6"]
[White "Sapinski, Sebastian"]
[Black "Racis, Michal"]
[Result "1-0"]
[WhiteElo "1452"]
[BlackElo "1023"]
[PlyCount "83"]
[EventDate "2019.??.??"]

1. e4 e5 2. Nf3 d6 3. d4 exd4 4. Nxd4 Nf6 5. Nc3 Bd7 6. Bc4 Nc6 7. O-O Be7 8.
b3 Ne5 9. Be2 O-O 10. Bb2 Re8 11. h3 Qc8 12. f4 Ng6 13. Bd3 Bf8 14. Qf3 a6 15.
Nd5 Nxd5 16. exd5 c5 17. dxc6 Bxc6 18. Nxc6 Qxc6 19. Qxc6 bxc6 20. g3 d5 21.
Rfe1 a5 22. Kg2 Bb4 23. c3 Bc5 24. Kf3 Bd6 25. Re2 Rxe2 26. Kxe2 Re8+ 27. Kd2
Nf8 28. Re1 Rxe1 29. Kxe1 Nd7 30. Kd2 Nc5 31. Ke3 Nxd3 32. Kxd3 g6 33. c4 dxc4+
34. Kxc4 Kf8 35. Bc3 a4 36. bxa4 Ke8 37. Bb4 Bb8 38. Kc5 Kd7 39. Kb6 h6 40. a5
g5 41. fxg5 hxg5 42. g4 1-0

[Event "MINI_ELO 2019 (1)"]
[Site "Suwalki"]
[Date "2019.03.23"]
[Round "2.7"]
[White "Wiszniewski, Stanislaw"]
[Black "Kotarski, Grzegorz"]
[Result "0-1"]
[WhiteElo "1233"]
[BlackElo "1414"]
[PlyCount "160"]
[EventDate "2019.??.??"]

1. e4 c5 2. d4 cxd4 3. c3 d6 4. cxd4 Nf6 5. Nc3 e6 6. Nf3 a6 7. Bg5 Be7 8. a4
b6 9. Bc4 Bb7 10. Qe2 O-O 11. O-O Nbd7 12. Rac1 Rc8 13. Bd3 h6 14. Bh4 e5 15.
d5 Nc5 16. Bc4 a5 17. Rfd1 Nfxe4 18. Nxe4 Bxh4 19. Nxh4 Qxh4 20. Nxd6 Rc7 21.
Qxe5 Re7 22. Qg3 Qxg3 23. hxg3 Nxa4 24. Rd2 Nc5 25. Rcd1 Rd8 26. Nf5 Re4 27.
Ne3 Ba6 28. Bxa6 Nxa6 29. d6 Nc5 30. Nf5 Nd7 31. Rc2 g6 32. Ne7+ Kg7 33. Rc8
Rxe7 34. dxe7 Rxc8 35. Rxd7 Re8 36. Rb7 g5 37. Kf1 f6 38. Ke2 Kf7 39. Kf3 h5
40. Rxb6 Rxe7 41. g4 h4 42. Rc6 Rb7 43. Rc4 Rb3+ 44. Ke2 Rxb2+ 45. Kf3 Ke6 46.
Rc6+ Ke7 47. Rc4 Kd6 48. Ra4 Rb5 49. Re4 Kd5 50. Ra4 Kc5 51. Re4 Rb4 52. Re3 a4
53. Re8 Rf4+ 54. Ke3 Rxg4 55. Kf3 Rf4+ 56. Ke3 Kb4 57. Rb8+ Ka3 58. Rb6 Ka2 59.
Rb5 a3 60. Rb6 Ka1 61. Rb5 a2 62. Rb6 f5 63. Rb5 Re4+ 64. Kd3 Rg4 65. Rxf5 Rxg2
66. Ke3 h3 67. Rf3 g4 68. Rf5 h2 69. Rh5 Rg1 70. Rxh2 Kb1 71. Rh6 a1=Q 72. Rb6+
Kc2 73. Rc6+ Kb3 74. Rb6+ Kc4 75. Rc6+ Kd5 76. Rc8 Qd4+ 77. Ke2 Qb2+ 78. Ke3
Re1+ 79. Kf4 Qe5+ 80. Kxg4 Rg1+ 0-1

[Event "MINI_ELO 2019 (1)"]
[Site "Suwalki"]
[Date "2019.03.23"]
[Round "2.8"]
[White "Bartnik, Michal"]
[Black "Walendykiewicz, Martyna"]
[Result "1-0"]
[WhiteElo "1074"]
[BlackElo "1175"]
[PlyCount "151"]
[EventDate "2019.??.??"]

1. e4 e5 2. Nf3 Nf6 3. Nc3 Bb4 4. d3 Nc6 5. Bd2 h6 6. h3 d6 7. a3 Ba5 8. Be2
O-O 9. O-O Be6 10. Re1 Re8 11. Rc1 Qd7 12. Bf1 a6 13. Qe2 Rad8 14. Rcd1 Bb6 15.
Be3 Bxe3 16. Qxe3 Kh8 17. Qe2 Ne7 18. d4 exd4 19. Nxd4 Ng6 20. Nxe6 Qxe6 21.
Qc4 Qxc4 22. Bxc4 Kg8 23. Bb3 Re7 24. f3 Rde8 25. Kf2 Kf8 26. Nd5 Nxd5 27. Bxd5
Rb8 28. Rd4 Nf4 29. Bb3 Ng6 30. Rb4 Ne5 31. Bd5 c6 32. Ba2 c5 33. Rb6 Rd7 34.
Rd1 Ke7 35. Bb3 Ng6 36. Bc4 Rdd8 37. Bd5 Rd7 38. g3 Nf8 39. Rd3 Ne6 40. Bxe6
Kxe6 41. Rdb3 f6 42. Rxa6 bxa6 43. Rxb8 Ke5 44. Rb3 Rc7 45. Ke3 g5 46. Rd3 Rb7
47. Rb3 Rc7 48. Rb6 a5 49. Ra6 Rb7 50. b3 d5 51. Rxa5 d4+ 52. Kd3 Kd6 53. a4
Rb6 54. Rb5 Ra6 55. Kc4 Rc6 56. a5 h5 57. c3 dxc3 58. Kxc3 Ra6 59. Kc4 Rc6 60.
h4 gxh4 61. gxh4 Rc7 62. f4 Rc6 63. e5+ fxe5 64. fxe5+ Ke6 65. Rb6 Kd7 66. Rxc6
Kxc6 67. e6 Kd6 68. e7 Kxe7 69. Kxc5 Kd7 70. b4 Kc7 71. b5 Kb7 72. b6 Kc8 73.
a6 Kb8 74. Kc6 Kc8 75. a7 Kd8 76. a8=Q+ 1-0

[Event "MINI_ELO 2019 (1)"]
[Site "Suwalki"]
[Date "2019.03.23"]
[Round "2.9"]
[White "Gorka, Robert"]
[Black "Makarec, Anna"]
[Result "1/2-1/2"]
[WhiteElo "1166"]
[BlackElo "1071"]
[PlyCount "134"]
[EventDate "2019.??.??"]

1. Nf3 e6 2. g3 d5 3. Bg2 Nf6 4. O-O Be7 5. d3 Nbd7 6. Nbd2 b6 7. c4 Bb7 8. Rb1
c5 9. a3 O-O 10. b4 cxb4 11. axb4 dxc4 12. Nxc4 b5 13. Na5 Bxf3 14. Bxf3 Rc8
15. Be3 Nd5 16. Nc6 Rxc6 17. Bxd5 exd5 18. Qb3 Nb8 19. Bxa7 Qd7 20. Bc5 Bxc5
21. bxc5 Rh6 22. h4 b4 23. Qxb4 Na6 24. Qa5 Qa7 25. Rfc1 Rc6 26. d4 Ra8 27. Qa4
Qc7 28. Rb2 Qc8 29. Rcb1 h6 30. Kg2 Kh7 31. Rb7 Nxc5 32. Qc2+ Kg8 33. dxc5 Rxc5
34. Qb3 Qe6 35. Qd3 f5 36. Rb8+ Rxb8 37. Rxb8+ Kh7 38. f3 h5 39. Rf8 g6 40. Kf2
Kg7 41. Ra8 Rc4 42. Ra7+ Kf6 43. Qd2 Qb6+ 44. Qe3 Rb4 45. Ra6 Qxa6 46. Qc3+ Kf7
47. Qxb4 Qa7+ 48. Kg2 Qe3 49. Qb5 Qe6 50. Qd3 Kf6 51. Qd2 Kf7 52. Kf2 Qb6+ 53.
Kg2 Qe6 54. Qb2 Kf8 55. Kf2 Kf7 56. Qb7+ Kf6 57. Qc7 Qe7 58. Qxe7+ Kxe7 59. Ke3
Ke6 60. Kf4 Kf6 61. e3 Ke6 62. Kg5 Kf7 63. Kh6 Kf6 64. Kh7 Kf7 65. Kh8 Kf8 66.
Kh7 Kf7 67. Kh6 Kf6 1/2-1/2

[Event "MINI_ELO 2019 (1)"]
[Site "Suwalki"]
[Date "2019.03.23"]
[Round "2.10"]
[White "Sawicki, Dorian"]
[Black "Palejko, Gabriela"]
[Result "0-1"]
[WhiteElo "1062"]
[BlackElo "1113"]
[PlyCount "74"]
[EventDate "2019.??.??"]

1. e4 e5 2. Nf3 Nc6 3. Bc4 Nf6 4. d3 Be7 5. Nc3 O-O 6. O-O d6 7. Be3 Na5 8. Bb3
Nxb3 9. axb3 Be6 10. Nb5 a6 11. Nc3 b5 12. Ne2 c5 13. c4 b4 14. Ra2 a5 15. Ng3
Qb6 16. Qd2 h6 17. h3 Rfd8 18. Bxh6 gxh6 19. Qxh6 Nh7 20. Nh5 Bf8 21. Nf6+ Nxf6
22. Qxf6 Bg7 23. Qg5 Qc7 24. h4 Re8 25. h5 Qe7 26. Qg3 Qf6 27. Nh4 Kh8 28. Kh2
Bh6 29. Kg1 Bf4 30. Qf3 Qxh4 31. g3 Qh3 32. Qg2 Qxg2+ 33. Kxg2 Bg5 34. f4 exf4
35. gxf4 Bf6 36. f5 Rg8+ 37. Kf3 Bd7 0-1

[Event "MINI_ELO 2019 (1)"]
[Site "Suwalki"]
[Date "2019.03.23"]
[Round "3.1"]
[White "Pieczulis, Blazej"]
[Black "Sawicki, Wojciech"]
[Result "1-0"]
[WhiteElo "1488"]
[BlackElo "1341"]
[PlyCount "125"]
[EventDate "2019.??.??"]

1. d4 Nf6 2. Nf3 e6 3. c4 b6 4. e3 Bb7 5. Bd3 c5 6. Nbd2 Be7 7. O-O O-O 8. b3
Nc6 9. Bb2 d5 10. Rc1 Rc8 11. Bb1 Ba6 12. Re1 Qd7 13. a3 Bb7 14. Qc2 h6 15.
dxc5 Rfe8 16. cxb6 axb6 17. e4 dxe4 18. Nxe4 Nxe4 19. Qxe4 g6 20. Ne5 Nxe5 21.
Qxe5 f6 22. Qxe6+ Qxe6 23. Rxe6 Bc5 24. Rxe8+ Rxe8 25. b4 Bd6 26. Bxf6 Kf7 27.
Bd4 Bc7 28. Be3 g5 29. c5 bxc5 30. Bxc5 Bf4 31. Rd1 Bc6 32. Ba2+ Kg7 33. Bb3
Kf6 34. a4 Bd2 35. f3 Re1+ 36. Rxe1 Bxe1 37. Kf1 Bc3 38. b5 Bb7 39. Bb6 g4 40.
fxg4 Be4 41. Kf2 Kg5 42. h3 Kf6 43. a5 Ke5 44. Bc4 Bd4+ 45. Bxd4+ Kxd4 46. Be2
Kc5 47. a6 Kb6 48. Kg3 Bc2 49. Kh4 Bg6 50. g5 h5 51. Bxh5 Bd3 52. Be8 Be4 53.
g4 Bd3 54. g6 Bxg6 55. Bxg6 Kxb5 56. a7 Kb6 57. a8=Q Kc7 58. Qa6 Kd7 59. Bf5+
Kc7 60. Be6 Kd8 61. Qa7 Ke8 62. Qd7+ Kf8 63. Qf7# 1-0

[Event "MINI_ELO 2019 (1)"]
[Site "Suwalki"]
[Date "2019.03.23"]
[Round "3.2"]
[White "Kopaczewski, Zbigniew"]
[Black "Czarniecki, Pawel"]
[Result "0-1"]
[WhiteElo "1335"]
[BlackElo "1495"]
[PlyCount "78"]
[EventDate "2019.??.??"]

1. e3 d5 2. g3 Nf6 3. a3 Bg4 4. Be2 Bxe2 5. Qxe2 Nbd7 6. d4 e6 7. c4 c6 8. c5
b6 9. b4 a5 10. Bb2 axb4 11. axb4 Rxa1 12. Bxa1 bxc5 13. dxc5 Be7 14. Nf3 O-O
15. Nbd2 Qa8 16. O-O Qa3 17. Nd4 Qxb4 18. Nxc6 Qxc5 19. Nxe7+ Qxe7 20. Nb3 Ne4
21. f3 Nec5 22. Nd4 Ne5 23. f4 Nc4 24. Nc6 Qb7 25. Ne5 Nxe5 26. Bxe5 Ne4 27. f5
f6 28. Bb2 e5 29. g4 Rb8 30. Bc1 Qb4 31. Qd3 Nc3 32. h3 Qc5 33. Bd2 Ne4 34. Rc1
Qd6 35. Be1 Ng5 36. h4 Nf3+ 37. Kg2 Rb2+ 38. Kf1 e4 39. Qc3 Qa6+ 0-1

[Event "MINI_ELO 2019 (1)"]
[Site "Suwalki"]
[Date "2019.03.23"]
[Round "3.3"]
[White "Palejko, Maria"]
[Black "Sapinski, Sebastian"]
[Result "0-1"]
[WhiteElo "1238"]
[BlackElo "1452"]
[PlyCount "88"]
[EventDate "2019.??.??"]

1. e4 e6 2. d4 d5 3. Nc3 Nf6 4. Bg5 Bb4 5. e5 h6 6. exf6 hxg5 7. fxg7 Rg8 8.
Bd3 Bxc3+ 9. bxc3 Qf6 10. Nf3 Qxg7 11. Nd2 Nd7 12. Nb3 b6 13. Bb5 Bb7 14. Bxd7+
Kxd7 15. Qe2 a5 16. Nd2 Ba6 17. Qe3 Qg6 18. Rc1 g4 19. Nf1 Raf8 20. Ng3 Qg5 21.
Qxg5 Rxg5 22. h4 gxh3 23. Rxh3 f5 24. Rh2 f4 25. Ne2 f3 26. Ng3 Rxg3 27. fxg3
f2+ 28. Kd2 f1=Q 29. Rh7+ Kd6 30. Rxf1 Bxf1 31. Rh2 Rg8 32. Ke1 Bc4 33. a3 Rxg3
34. Kf2 Rxc3 35. Ke1 Rxc2 36. Rh8 Rxg2 37. Kd1 Rg4 38. Rd8+ Kc6 39. Re8 Rxd4+
40. Kc2 Re4 41. Kc3 Kc5 42. a4 d4+ 43. Kb2 Re2+ 44. Ka3 Ra2# 0-1

[Event "MINI_ELO 2019 (1)"]
[Site "Suwalki"]
[Date "2019.03.23"]
[Round "3.4"]
[White "Butkiewicz, Jan"]
[Black "Pieczulis, Hubert"]
[Result "1/2-1/2"]
[WhiteElo "1165"]
[BlackElo "1246"]
[PlyCount "112"]
[EventDate "2019.??.??"]

1. d4 Nf6 2. c4 e6 3. Nc3 Bb4 4. Bd2 d5 5. a3 Be7 6. Nf3 c6 7. e3 Nbd7 8. cxd5
exd5 9. Bd3 Bd6 10. O-O O-O 11. Qc2 h6 12. h3 Re8 13. Rfe1 Qe7 14. Re2 Ne4 15.
Rd1 f5 16. b4 a6 17. Bxe4 fxe4 18. Ne1 Nb6 19. f3 exf3 20. Nxf3 Nc4 21. Qc1
Nxd2 22. Qxd2 Bf5 23. Rde1 Be4 24. Rf1 a5 25. bxa5 Bxa3 26. Na2 Qd8 27. Nc3 Bb4
28. Qb2 Qxa5 29. Nxe4 Rxe4 30. Rb1 c5 31. dxc5 Qxc5 32. Nd4 Ra4 33. Rc2 Qf8 34.
Qb3 Qe8 35. Qxd5+ Kh7 36. Qxb7 Ba5 37. Rc8 Qe5 38. Qb5 Qxb5 39. Rxb5 Rxe3 40.
Nf3 Ra2 41. Ra8 Rea3 42. Rc8 Rd3 43. Rb1 Re3 44. Rc4 Ree2 45. Rg4 Bc7 46. Re1
Bb6+ 47. Kh2 Rxe1 48. Nxe1 Ra1 49. Re4 Ba5 50. Nd3 Bc7+ 51. Nf4 Rf1 52. g3 Rf2+
53. Kg1 Bb6 54. Kh1 Rf1+ 55. Kg2 Rg1+ 56. Kf3 Bc7 1/2-1/2

[Event "MINI_ELO 2019 (1)"]
[Site "Suwalki"]
[Date "2019.03.23"]
[Round "3.5"]
[White "Kotarski, Grzegorz"]
[Black "Bartnik, Michal"]
[Result "1-0"]
[WhiteElo "1414"]
[BlackElo "1074"]
[PlyCount "123"]
[EventDate "2019.??.??"]

1. d4 Nf6 2. c4 e6 3. Nc3 c6 4. Bg5 Be7 5. e3 d5 6. cxd5 exd5 7. Bd3 h6 8. Bh4
Nbd7 9. Nge2 O-O 10. O-O Nb6 11. b3 Be6 12. Bc2 Nbd7 13. Qd3 Bg4 14. f3 Bh5 15.
Nf4 Bg6 16. Nxg6 fxg6 17. Qxg6 Qe8 18. Qd3 Qd8 19. e4 dxe4 20. fxe4 c5 21. Bxf6
Nxf6 22. d5 Qd6 23. Rae1 Qe5 24. Rf5 Qd4+ 25. Qxd4 cxd4 26. Nb5 Bc5 27. Nc7
Rac8 28. Ne6 Rfe8 29. Bd3 Bb6 30. Kf1 Ng4 31. Rf4 Ne3+ 32. Kf2 Rc3 33. Bb5 Rec8
34. Bd7 Rc2+ 35. Kf3 Ra8 36. Bb5 Nxg2 37. Rg1 Nxf4 38. Rxg7+ Kh8 39. Kxf4 Rf8+
40. Nxf8 Kxg7 41. Ne6+ Kf7 42. e5 Rxh2 43. a4 Rd2 44. Ke4 a6 45. Bc4 h5 46. d6
Ke8 47. Ng7+ Kd7 48. Nxh5 Bd8 49. Ng3 Rd1 50. Nf5 Rg1 51. e6+ Ke8 52. Kxd4 Rd1+
53. Ke4 Re1+ 54. Kf4 Rg1 55. Ng3 Bg5+ 56. Kf3 Re1 57. Nh5 Re5 58. Kg4 Bd2 59.
Nf6+ Kd8 60. e7+ Kc8 61. d7+ Kc7 62. d8=Q+ 1-0